|
|
|
|
| LEADER |
00000nab a2200000 ar4500 |
| 001 |
vtls009083483 |
| 003 |
SK-MaSNL |
| 005 |
20260318121823.0 |
| 008 |
070702c2007 xo |||||||| 000 b|hun |
| 015 |
|
|
|a SNBRB2007/07
|2 snkbucl
|
| 038 |
|
|
|a SNKBUCL
|
| 040 |
|
|
|a DSZK
|b slo
|c DSZK
|e AACR2
|d SNKBUCL
|
| 041 |
0 |
|
|a hun
|
| 044 |
|
|
|a xo
|c SK
|
| 080 |
|
|
|a 232.931
|2 1997
|
| 100 |
1 |
|
|a Csáky, Károly,
|d 1950-
|4 aut
|9 99675
|
| 245 |
1 |
0 |
|a Sarlós Boldogasszony
|b (július 2.)
|c Csáky Károly
|
| 300 |
|
|
|b Fotogr.
|
| 600 |
0 |
7 |
|a Mária,
|c matka Ježišova, svätá
|2 snkbucl
|9 157751
|
| 650 |
0 |
7 |
|a mariánsky kult
|2 snkbucl
|9 1996
|
| 650 |
0 |
7 |
|a mariológia
|2 snkbucl
|9 1997
|
| 773 |
0 |
|
|t Remény
|g Évf. XVIII, sz. 26 (2007), o. 16
|x 1335-6534
|
| 852 |
|
|
|a SNK
|b KIS3GCP
|
| 852 |
|
|
|a DSZK
|b KIS3GCP
|
| 958 |
|
|
|a HU
|
| 958 |
|
|
|a NT
|
| 999 |
|
|
|c 3248331
|d 3250261
|